Child maltreatment : theory and research on the causes and consequences of child abuse and neglect

Αποθηκεύτηκε σε:
Λεπτομέρειες βιβλιογραφικής εγγραφής
Άλλοι συγγραφείς: Cicchetti, Dante (Επιμελητής έκδοσης), Carlson, Vicki (edtf)
Μορφή: Βιβλίο
Γλώσσα:English
Δημοσίευση: New York : Cambridge University Press, 1989.
Θέματα:
Ετικέτες: Προσθήκη ετικέτας
Δεν υπάρχουν, Καταχωρήστε ετικέτα πρώτοι!

MARC

LEADER 00000cam a2200000 i 4500
001 1/100871
008 000203s1989 eng d
020 |a 0-521-37969-5 
035 |l 10057452 
040 |a GR-MY-UA  |b gre  |e aacr 
041 0 |a eng 
082 0 |a 616.8582 
245 1 0 |a Child maltreatment :  |b theory and research on the causes and consequences of child abuse and neglect /  |c edited by Dante Cicchetti, Vicki Carlson.  
260 |a New York :   |b Cambridge University Press,   |c 1989.  
300 |a 793 σ.  
650 0 0 |a Child abuse. 
700 1 |a Cicchetti, Dante,  |e edt 
700 1 |a Carlson, Vicki,  |e edtf 
852 |a INST  |b RHODES  |e 20000203  |h 616.8582 CHI  |p 005400012265  |q 005400012265  |t BK  |y 0 
901 |a BIBL4-2000-1 
909 |a Ρ  |b 068674 
922 |a 4ΕΛΗ  |b 199909  |c ΚΠΣ/154  |d GLORY BOOKS 
970 |a ΚΟΥΛΑΚΙΟΤΗ  |b ΛΙΤΣΑ  |z 2000/02/03